00327nam a2200133Ia 45000030006000000080041000060400015000471000025000622450041000872500010001282600026001385460012001640050017001760STCL150530s9999 xx 000 0 und d aSTCLcSTCL aSayers, R.S.; Editor aBanking in the British common wealth aFirst bClarendon pressc1954 aEnglish20220125165533.0